Image Understanding and the Man-Machine Interface III

Dettagli Bibliografici
Altri autori: Barrett, Eamon
Natura: Elettronico Libro
Lingua:English
Pubblicazione: SPIE Digital Library, 8/1/91
Soggetti:
Accesso online:Full text available on Research4Life (SPIE Digital Library)
Classic Catalogue: View this record in Classic Catalogue
LEADER 00878cam a2200181 a 4500
001 AALConferenceProceedingsResearch4Life(SPIE)000511
008 240908c9999 xx r poo 0 0eng d
020 |a 9780819405814 
040 |a BD-DhAAL  |c BD-DhAAL 
245 0 0 |h [electronic resource]  |a Image Understanding and the Man-Machine Interface III 
260 1 |b SPIE Digital Library,  |c 8/1/91 
300 |a 1 online resource 
500 |a <strong>On-Campus Access Only (IP based access)</strong> 
506 |a Electronic access restricted to authorized BRAC University faculty, staff and students 
538 |a Mode of access: Internet 
655 7 |a Conference papers and proceedings.  |2 Library of Congress 
700 1 |a Barrett, Eamon 
856 4 0 |z Full text available on Research4Life (SPIE Digital Library)  |u https://login.research4life.org/tacsgr1www_spiedigitallibrary_org/conference-proceedings-of-spie/1472